[Event "Remote 11er 0043 email"]
[Site "Remote email"]
[Date "2013.05.27"]
[Round "?"]
[White "Floegel, Peter"]
[Black "Camacho, Carlos Eduardo"]
[Result "1-0"]
[WhiteElo "2223"]
[BlackElo "1975"]
[PlyCount "43"]
[EventDate "2013.??.??"]
[EventType "tourn (corr)"]
[EventRounds "10"]
[EventCountry "GER"]
[SourceTitle "Corr 2015"]
[Source "ChessBase"]
[SourceDate "2015.07.17"]
[SourceVersion "1"]
[SourceVersionDate "2015.07.17"]
[SourceQuality "1"]

1. c4 e5 2. Nc3 Nf6 3. Nf3 Nc6 4. g3 d5 5. cxd5 Nxd5 6. Bg2 Be6 7. 0-0 a6 8. d4 exd4 9. Nxd4 Nxd4 10. Qxd4 Nxc3 11. Qxc3 c6 12. Be4 Qf6 13. Bxc6+ Bd7 14. Bxd7+ Kxd7 15. Qb3 Kc8 16. Bf4 Bc5 17. Rac1 b6 18. Qd5 Ra7 19. Rxc5+ bxc5 20. Qxc5+ Kb7 21. Be3 Raa8 22. Rc1 1-0

[Event "Remote 11er 0043 email"]
[Site "Remote email"]
[Date "2013.05.27"]
[Round "?"]
[White "Peschen, Rainer"]
[Black "Floegel, Peter"]
[Result "0-1"]
[WhiteElo "1612"]
[BlackElo "2228"]
[PlyCount "64"]
[EventDate "2013.??.??"]
[EventType "tourn (corr)"]
[EventRounds "10"]
[EventCountry "GER"]
[SourceTitle "Corr 2015"]
[Source "ChessBase"]
[SourceDate "2015.07.17"]
[SourceVersion "1"]
[SourceVersionDate "2015.07.17"]
[SourceQuality "1"]

1. Nf3 d5 2. g3 Bf5 3. Bg2 Nf6 4. 0-0 Nc6 5. d4 e6 6. c4 Nb4 7. Na3 c6 8. Bd2 Ne4 9. Nh4 Nxd2 10. Qxd2 Bg4 11. Nf3 Bf5 12. c5 a5 13. Nh4 Bg4 14. h3 g5 15. Nf3 Bxf3 16. Bxf3 h5 17. Bg2 Bg7 18. Nb1 h4 19. a3 Na6 20. Nc3 Qf6 21. e3 g4 22. hxg4 Qg6 23. Qe2 0-0-0 24. f4 hxg3 25. Qf3 Rh4 26. g5 Rdh8 27. Qxg3 Nc7 28. Na4 Qf5 29. Nb6+ Kd8 30. Qf3 f6 31. Rfe1 fxg5 32. fxg5 Qxg5 0-1

[Event "Remote 11er 0042 email"]
[Site "Remote email"]
[Date "2012.12.22"]
[Round "?"]
[White "Floegel, Peter"]
[Black "Richter, Wolfgang"]
[Result "1-0"]
[WhiteElo "2228"]
[BlackElo "2407"]
[PlyCount "125"]
[EventDate "2012.??.??"]
[EventType "tourn (corr)"]
[EventRounds "10"]
[EventCountry "GER"]
[SourceTitle "Corr 2015"]
[Source "ChessBase"]
[SourceDate "2015.07.17"]
[SourceVersion "1"]
[SourceVersionDate "2015.07.17"]
[SourceQuality "1"]

1. c4 e5 2. Nc3 Nc6 3. g3 Bc5 4. a3 d6 5. Bg2 Bd4 6. d3 Bxc3+ 7. bxc3 Bd7 8. f4 Qe7 9. fxe5 Qxe5 10. Qc2 Nf6 11. Rb1 Rb8 12. Nf3 Qa5 13. 0-0 a6 14. Bg5 Ng4 15. d4 h6 16. Bd2 0-0 17. Nh4 Rfe8 18. e4 b6 19. h3 Nge5 20. dxe5 Nxe5 21. Bc1 Qc5+ 22. Kh2 Nxc4 23. Ra1 Re5 24. Nf3 Re7 25. Nd4 Rbe8 26. a4 Qh5 27. Rf4 g5 28. g4 Qg6 29. Rf1 Re5 30. Ra2 Ra5 31. Nf5 Bxf5 32. exf5 Qf6 33. Qd3 Qe5+ 34. Kh1 Rc5 35. h4 gxh4 36. Bf4 Qf6 37. Rg1 Kf8 38. Qd4 Ne5 39. Re2 Re7 40. Bf1 Qg7 41. Re3 f6 42. Bxa6 Kg8 43. Rh3 Qf8 44. Bb7 c6 45. Ba6 b5 46. axb5 cxb5 47. Qxd6 Rc4 48. Bxe5 Rxe5 49. Qxf8+ Kxf8 50. Rxh4 Rxf5 51. Rxh6 Rg5 52. Rxf6+ Ke7 53. Rb6 Rxc3 54. Kh2 b4 55. Rxb4 Ra5 56. Bb7 Raa3 57. Bg2 Rc2 58. g5 Kf7 59. Kh1 Rac3 60. g6+ Kg7 61. Rh4 Rg3 62. Be4 Rcc3 63. Rf1 1-0

[Event "Remote Superturnier 15 email"]
[Site "Remote email"]
[Date "2011.12.01"]
[Round "?"]
[White "Carlsen, Torben Erik"]
[Black "Floegel, Peter"]
[Result "0-1"]
[WhiteElo "2320"]
[BlackElo "2202"]
[PlyCount "90"]
[EventDate "2011.??.??"]
[EventType "tourn (corr)"]
[EventRounds "14"]
[EventCountry "GER"]
[SourceTitle "Corr 2015"]
[Source "ChessBase"]
[SourceDate "2015.07.17"]
[SourceVersion "1"]
[SourceVersionDate "2015.07.17"]
[SourceQuality "1"]

1. d4 Nf6 2. c4 e6 3. Nf3 d5 4. Nc3 Nbd7 5. Bg5 h6 6. Bh4 g5 7. Bg3 c6 8. e3 Nh5 9. Qc2 Nxg3 10. hxg3 a6 11. 0-0-0 b5 12. c5 g4 13. Ne1 e5 14. dxe5 Nxc5 15. Rh5 Qb6 16. Nd3 Bd7 17. Nf4 Qa5 18. Kb1 0-0-0 19. Nd3 b4 20. Ne2 Kb7 21. Nd4 Qb6 22. Nf4 a5 23. Bd3 a4 24. Bf5 b3 25. axb3 axb3 26. Qc3 Be8 27. Rdh1 Ra8 28. Nd3 Nxd3 29. Qxd3 f6 30. Bg6 fxe5 31. Rxe5 Bxg6 32. Qxg6 Qa6 33. Nxb3 Rg8 34. Qc2 Qa2+ 35. Kc1 Ra4 36. Rf5 Rb4 37. Rf7+ Kb8 38. Nd2 d4 39. Rf4 Be7 40. Rxd4 Rxd4 41. exd4 Bg5 42. Qc5 Bxd2+ 43. Kxd2 Qxb2+ 44. Kd3 Rd8 45. Qe5+ Kb7 0-1

[Event "Remote Superturnier 15 email"]
[Site "Remote email"]
[Date "2011.12.01"]
[Round "?"]
[White "Firsching, Guenter"]
[Black "Floegel, Peter"]
[Result "1-0"]
[WhiteElo "2413"]
[BlackElo "2202"]
[PlyCount "69"]
[EventDate "2011.??.??"]
[EventType "tourn (corr)"]
[EventRounds "14"]
[EventCountry "GER"]
[SourceTitle "Corr 2015"]
[Source "ChessBase"]
[SourceDate "2015.07.17"]
[SourceVersion "1"]
[SourceVersionDate "2015.07.17"]
[SourceQuality "1"]

1. e4 e6 2. d4 d5 3. e5 c5 4. c3 Nc6 5. Nf3 Qb6 6. a3 c4 7. Nbd2 Bd7 8. b3 cxb3 9. Nxb3 Rc8 10. Bd3 Nb8 11. Rb1 Ba4 12. Bd2 Nd7 13. 0-0 h6 14. Qe2 Bxb3 15. a4 a6 16. a5 Qxa5 17. Rxb3 b5 18. Rb2 Nb8 19. Ne1 h5 20. Nc2 Qb6 21. Ra1 g6 22. Qf3 Nc6 23. Rba2 Ra8 24. Rb1 Ra7 25. h3 Nge7 26. Bg5 Bg7 27. Qf4 0-0 28. Qh4 Rc8 29. g4 Bf8 30. gxh5 Nb8 31. Ne3 Nf5 32. Bxf5 gxf5 33. Kh1 Kh7 34. Rg1 Nc6 35. h6 1-0

[Event "Remote Superturnier 15 email"]
[Site "Remote email"]
[Date "2011.12.01"]
[Round "?"]
[White "Floegel, Peter"]
[Black "Allerberger, Peter"]
[Result "0-1"]
[WhiteElo "2202"]
[BlackElo "2539"]
[PlyCount "128"]
[EventDate "2011.??.??"]
[EventType "tourn (corr)"]
[EventRounds "14"]
[EventCountry "GER"]
[SourceTitle "Corr 2015"]
[Source "ChessBase"]
[SourceDate "2015.07.17"]
[SourceVersion "1"]
[SourceVersionDate "2015.07.17"]
[SourceQuality "1"]

1. c4 c5 2. Nf3 Nc6 3. d4 cxd4 4. Nxd4 e6 5. g3 Qb6 6. Nf3 Nf6 7. Bg2 Qa6 8. Qc2 Be7 9. 0-0 0-0 10. Na3 d5 11. Nb5 Nb4 12. Qd1 Qa5 13. Bf4 dxc4 14. Nc7 Rb8 15. Nd5 exd5 16. Bxb8 Nc6 17. Bf4 Bc5 18. a3 Qb6 19. Qc2 h6 20. e3 g5 21. Be5 Nxe5 22. Nxe5 Re8 23. Qc3 Bf5 24. Rad1 Be4 25. Nf3 Bd3 26. b4 Bxe3 27. Rxd3 Bxf2+ 28. Rxf2 Ne4 29. Qd4 cxd3 30. Rf1 g4 31. Qxb6 axb6 32. Nd4 Nc3 33. Nb3 h5 34. h4 Re2 35. Rf2 Nd1 36. Rf4 Ne3 37. Rf2 Re1+ 38. Kh2 Kh8 39. Nd4 Rd1 40. Nb3 Rb1 41. Nd4 Nc4 42. Rf1 Rb2 43. Nf5 Re2 44. Nd4 Ra2 45. Nf5 d2 46. Rd1 Rc2 47. Bxd5 Rc1 48. Rxd2 Nxd2 49. Bxf7 Rf1 50. Bg6 Rf2+ 51. Kg1 Rf3 52. a4 Nc4 53. Bf7 Ne5 54. Be6 Ra3 55. Kf1 Ra1+ 56. Kg2 Rxa4 57. b5 Kh7 58. Bc8 Rb4 59. Nd6 Nf3 60. Bxb7 Nd4 61. Ba6 Rb3 62. Kf2 Rf3+ 63. Kg2 Nf5 64. Ne4 Rb3 0-1

[Event "Remote Superturnier 13 email"]
[Site "Remote email"]
[Date "2011.05.22"]
[Round "?"]
[White "Allerberger, Peter"]
[Black "Floegel, Peter"]
[Result "1-0"]
[WhiteElo "2526"]
[BlackElo "2191"]
[PlyCount "69"]
[EventDate "2011.??.??"]
[EventType "tourn (corr)"]
[EventRounds "14"]
[EventCountry "GER"]
[SourceTitle "Corr 2015"]
[Source "ChessBase"]
[SourceDate "2015.07.17"]
[SourceVersion "1"]
[SourceVersionDate "2015.07.17"]
[SourceQuality "1"]

1. e4 e6 2. d4 d5 3. Nc3 Bb4 4. Nge2 dxe4 5. a3 Bxc3+ 6. Nxc3 Nc6 7. d5 Nce7 8. Qg4 Kf8 9. dxe6 Nf6 10. Qf4 Bxe6 11. Nxe4 Ng6 12. Qe3 Nd5 13. Qf3 h5 14. Bd2 c6 15. h3 Ne5 16. Qg3 Qc7 17. Nc5 Re8 18. 0-0-0 Bc8 19. Be2 b6 20. Ne4 h4 21. Qb3 Bf5 22. Nc3 Be6 23. Rhe1 a5 24. Qa4 f6 25. Kb1 Re7 26. Qd4 c5 27. Qxd5 Bxd5 28. Nxd5 Qd6 29. Nxe7 Qxe7 30. Bc3 Qc7 31. Bb5 Qb8 32. Bxe5 fxe5 33. Rd7 Kg8 34. Re7 Rh5 35. Re8+ 1-0

[Event "Remote Superturnier 13 email"]
[Site "Remote email"]
[Date "2011.05.22"]
[Round "?"]
[White "Ryska, Jiri"]
[Black "Floegel, Peter"]
[Result "1-0"]
[WhiteElo "2247"]
[BlackElo "2191"]
[PlyCount "127"]
[EventDate "2011.??.??"]
[EventType "tourn (corr)"]
[EventRounds "14"]
[EventCountry "GER"]
[SourceTitle "Corr 2015"]
[Source "ChessBase"]
[SourceDate "2015.07.17"]
[SourceVersion "1"]
[SourceVersionDate "2015.07.17"]
[SourceQuality "1"]

1. e4 e6 2. d4 d5 3. Nd2 c5 4. exd5 exd5 5. Ngf3 Nc6 6. Bb5 Bd6 7. dxc5 Bxc5 8. Nb3 Nge7 9. Bxc6+ bxc6 10. Nxc5 Qa5+ 11. c3 Qxc5 12. 0-0 0-0 13. Re1 Re8 14. Be3 Qb5 15. b4 Qb7 16. Nd4 Bd7 17. Qf3 a5 18. Nb3 axb4 19. Nc5 Qc8 20. cxb4 Bg4 21. Qf4 Ng6 22. Qd4 Ra3 23. Bd2 Rxe1+ 24. Rxe1 h6 25. Ra1 Qf5 26. Bc1 Ra8 27. h3 Be2 28. a4 Bc4 29. a5 f6 30. Bd2 Ne5 31. f4 Nd3 32. g4 Qh7 33. f5 Ne5 34. Qf4 d4 35. Ra3 h5 36. g5 Re8 37. gxf6 gxf6 38. Ne4 Kh8 39. Nxf6 Qg7+ 40. Qg5 Rf8 41. Qxg7+ Kxg7 42. Nxh5+ Kh7 43. Ng3 Rg8 44. Bf4 Nd3 45. Bd6 c5 46. bxc5 Nxc5 47. Bxc5 d3 48. Kf2 d2 49. Ra1 Rd8 50. Rd1 Bb3 51. Ke2 Re8+ 52. Kxd2 Rd8+ 53. Ke3 Rxd1 54. a6 Bd5 55. Bd4 Rb1 56. h4 Rb8 57. Kf4 Re8 58. f6 Kg6 59. h5+ Kh7 60. a7 Rd8 61. Nf5 Bb3 62. Be5 Rc8 63. Bc7 Bd5 64. Bb8 1-0

[Event "CFriend Superturnier email 2nd"]
[Site "Chessfriend.com"]
[Date "2007.03.30"]
[Round "?"]
[White "Floegel, Peter"]
[Black "Foerster, Hans Juergen"]
[Result "0-1"]
[WhiteElo "2184"]
[BlackElo "2181"]
[PlyCount "44"]
[EventDate "2007.??.??"]
[EventType "tourn (corr)"]
[EventRounds "15"]
[EventCountry "GER"]
[SourceTitle "Corr 2011"]
[Source "ChessBase"]
[SourceDate "2010.08.31"]
[SourceVersion "1"]
[SourceVersionDate "2010.08.31"]
[SourceQuality "1"]

1. d4 Nf6 2. Nc3 d5 3. e3 Bf5 4. Bd3 e6 5. Bxf5 exf5 6. Qd3 Qd7 7. Nf3 Nc6 8. 0-0 Ne4 9. Bd2 0-0-0 10. a4 g5 11. Rad1 Qe6 12. a5 a6 13. Ne5 Nxe5 14. dxe5 Qxe5 15. Nxe4 fxe4 16. Qb3 Rg8 17. Bc3 Qe6 18. Rd2 f5 19. Rfd1 c6 20. Bb4 f4 21. Rxd5 Rxd5 22. Qxd5 cxd5 0-1

[Event "CFriend Superturnier email 2nd"]
[Site "Chessfriend.com"]
[Date "2007.03.30"]
[Round "?"]
[White "Floegel, Peter"]
[Black "Hollstein, Frank"]
[Result "1/2-1/2"]
[WhiteElo "2184"]
[BlackElo "2303"]
[PlyCount "88"]
[EventDate "2007.??.??"]
[EventType "tourn (corr)"]
[EventRounds "15"]
[EventCountry "GER"]
[SourceTitle "Corr 2011"]
[Source "ChessBase"]
[SourceDate "2010.08.31"]
[SourceVersion "1"]
[SourceVersionDate "2010.08.31"]
[SourceQuality "1"]

1. e4 e6 2. d4 d5 3. Nd2 Nc6 4. Ngf3 Nf6 5. e5 Nd7 6. Bb5 Be7 7. c3 0-0 8. 0-0 Ncb8 9. Bd3 c5 10. Qc2 h6 11. Re1 Nc6 12. b3 cxd4 13. cxd4 Nb4 14. Bh7+ Kh8 15. Qb1 Re8 16. Bd3 Nxd3 17. Qxd3 Nb8 18. Nb1 Nc6 19. a3 a5 20. Ra2 b6 21. Rc2 Ba6 22. Qe3 Rc8 23. Bb2 Na7 24. Rxc8 Qxc8 25. Rc1 Qd7 26. a4 Nc6 27. Ba3 Nb4 28. h3 Kg8 29. Kh2 Rc8 30. Rxc8+ Qxc8 31. Qd2 b5 32. axb5 Bxb5 33. Nc3 Be8 34. Na2 Qb7 35. Kg1 Qb5 36. Nc3 Qa6 37. Na2 Qb7 38. Nc3 f6 39. exf6 Bxf6 40. Na4 Bxa4 41. bxa4 Qb6 42. Qb2 Be7 43. Qe2 Bf6 44. Qb5 Bxd4 1/2-1/2

[Event "CFriend Superturnier email 2nd"]
[Site "Chessfriend.com"]
[Date "2007.03.30"]
[Round "?"]
[White "Floegel, Peter"]
[Black "Morau, Jose Roberto"]
[Result "1-0"]
[WhiteElo "2184"]
[BlackElo "2238"]
[PlyCount "105"]
[EventDate "2007.??.??"]
[EventType "tourn (corr)"]
[EventRounds "15"]
[EventCountry "GER"]
[SourceTitle "Corr 2011"]
[Source "ChessBase"]
[SourceDate "2010.08.31"]
[SourceVersion "1"]
[SourceVersionDate "2010.08.31"]
[SourceQuality "1"]

1. d4 d5 2. c4 e6 3. Nf3 Nf6 4. Nc3 Nbd7 5. Bg5 h6 6. Bh4 c6 7. e3 Qa5 8. Bd3 dxc4 9. Bxc4 Ne4 10. Qd3 Nb6 11. Bb3 Nxc3 12. bxc3 Ba3 13. 0-0 Bb2 14. Rab1 Qxc3 15. Qe2 Ba3 16. Ne5 0-0 17. f4 Qa5 18. Qg4 Nd5 19. Rf3 f6 20. Nc4 Qb4 21. Qg6 b5 22. Rg3 Rf7 23. Ne5 Qf8 24. Bc2 f5 25. Qxh6 Bd6 26. Nxf7 Qxf7 27. Bxf5 exf5 28. Qxd6 Nc3 29. Qxc6 Nxb1 30. Qxa8 Qc4 31. Qf3 Nc3 32. Rg6 Ne4 33. Qf1 Qc3 34. d5 Qxe3+ 35. Bf2 Nxf2 36. Qxf2 Qc1+ 37. Qf1 Qc5+ 38. Kh1 Qxd5 39. Qa1 Qd7 40. h4 Kh7 41. h5 Bb7 42. Kh2 b4 43. Qe5 Qf7 44. g4 Bc8 45. Kg3 fxg4 46. Rd6 b3 47. axb3 Qxb3+ 48. Kh4 Qf3 49. Rg6 Qb7 50. Kg5 Qf7 51. f5 Bxf5 52. Qxf5 Qxf5+ 53. Kxf5 1-0